000 00589nam a2200181Ia 4500
008 090123s9999 xx 000 0 und d
082 _b14607
_a891.463/शेळके
100 _aशेळके उध्दव ज.
245 _aलेडीज हॉस्टेल
250 _a1
260 _bअनुपम प्रकाशन
300 _a245
600 _aशेळके उध्दव ज.
630 _aलेडीज हॉस्टेल
700 _aशेळके उध्दव ज.
730 _aलेडीज हॉस्टेल
942 _cBOOK
999 _c52668
_d52668